Organizational behavior / (Record no. 10558)

MARC details
000 -LEADER
fixed length control field 00579cam a2200217ua 4500
005 - DATE AND TIME OF LATEST TRANSACTION
control field 20260515114810.0
008 - FIXED-LENGTH DATA ELEMENTS--GENERAL INFORMATION
fixed length control field 191105n ii |||gr||||Z||||||eng
020 ## - INTERNATIONAL STANDARD BOOK NUMBER
International Standard Book Number 9789332542228
040 ## - CATALOGING SOURCE
Transcribing agency MAIN
Original cataloging agency IN-DiNC
041 ## - LANGUAGE CODE
Language code of sung or spoken text eng
082 ## - DEWEY DECIMAL CLASSIFICATION NUMBER
Classification number 658.3
Item number ROB
100 ## - MAIN ENTRY--PERSONAL NAME
Personal name Robbins., Stephen P
Relator term author
245 ## - TITLE STATEMENT
Title Organizational behavior /
Statement of responsibility, etc. by Stephen P Robbins
250 ## - EDITION STATEMENT
Edition statement 16th ed.
260 ## - PUBLICATION, DISTRIBUTION, ETC.
Place of publication, distribution, etc. Noida:
Name of publisher, distributor, etc. Pearson,
Date of publication, distribution, etc. 2018.
300 ## - PHYSICAL DESCRIPTION
Extent 690p.
650 ## - SUBJECT ADDED ENTRY--TOPICAL TERM
Topical term or geographic name entry element Personnel management
700 ## - ADDED ENTRY--PERSONAL NAME
Personal name Judge, Timothy A
Relator term author
700 ## - ADDED ENTRY--PERSONAL NAME
Personal name Vohra, Neharika
Relator term author
942 ## - ADDED ENTRY ELEMENTS (KOHA)
Koha item type Books
Source of classification or shelving scheme Dewey Decimal Classification
Holdings
Withdrawn status Lost status Damaged status Not for loan Home library Current library Shelving location Date acquired Total checkouts Full call number Barcode Date last seen Copy number Price effective from Koha item type
        Naharkatiya College Library Naharkatiya College Library General stacks 09/19/2020   ROB 27019 09/19/2020 1 09/19/2020 Books